000 00984nam a22002417a 4500
999 _c65604
_d65604
005 20240530110834.0
008 191008s2008 ua f 000 0 ara d
017 _a2008/13473
_bمصر. دار الكتب
040 _aEG-CaGPL
_cEG-CaGPL
082 0 4 _221
_a323
_bق/ع ت
100 0 _aعصام الدين محمد حسن
245 1 2 _aالتقارير الحكومية وتقارير الظل :
_bمصر والهيئات التعاهدية لحقوق الانسان/
_cاعداد عصام الدين محمد حسن
250 _aط.1
260 _aالقاهرة :
_bمركز القاهرة لدراسات حقوق الانسان ،
_c2008
300 _a150 ص. :
_c20 سم
490 0 _aسلسلة تعليم حقوق الانسان
_v19
650 0 7 _2qrmak
_aحقوق الانسان
650 0 7 _aالتقارير الحكومية
651 _2qrmak
653 _aهيئات حقوق الانسان
942 _2ddc
_cBK